000 00581nam a22001937a 4500
999 _c9239
_d9239
003 AR-CdUCM
008 190327b ||||| |||| 00| 0 spa d
020 _a978-612-321-012-0
040 _aMUNICIPALIDAD PROVINCIAL DEL CUSCO
_cBIBLIOTECA MUNICIPAL DEL CUSCO
082 _aSI-0051 /
_bTEJ / niñ
100 _aTejo, Heriberto
_925319
245 _aLa niña y el delfín /
260 _aLima :
_bSantillana,
_c2016.
300 _a45 páginas ;
_bIlustraciones.
_c22.5 cm.
650 _aCuentos infantiles
_93927
650 _aSiglo XXI
_92856
942 _2ddc
_cLIBROS
945 _aafb